000 00557 a2200217 4500
005 20260210110203.0
008 260206b |||||||| |||| 00| 0 eng d
020 _a9781524630015
_c£ 59.00
040 _aMAIN
082 _a519.5
_bF453D(6)
100 _aField, Andy
245 _aDiscovering statistics using IBM SPSS statistics
250 _a6th
260 _bSage
_c2024
_aNew Delhi
300 _axxxii, 1110
650 _aStatistics
650 _aStatistical Mathematics
650 _aComputer Programs
650 _aIBM SPSS
942 _cBK
999 _c394364
_d394364